Fr. Conceicao Rodrigues College of Engineering

Digital Signal processing:A matlab based approach (Record no. 34989)

MARC details
000 -LEADER
fixed length control field 00359nam a2200157Ia 4500
082 ## - DEWEY DECIMAL CLASSIFICATION NUMBER
Classification number 621.3822
Item number ING
100 ## - MAIN ENTRY--PERSONAL NAME
Personal name Ingle/Vinay K/ Proakis/J.G
245 ## - TITLE STATEMENT
Title Digital Signal processing:A matlab based approach
260 ## - PUBLICATION, DISTRIBUTION, ETC.
Name of publisher, distributor, etc. Cengage Learning
Date of publication, distribution, etc. 2008
366 ## - TRADE AVAILABILITY INFORMATION
Publishers's discount category 25
300 ## - PHYSICAL DESCRIPTION
Extent 512
546 ## - LANGUAGE NOTE
Language note ENGLISH
-- TTL
650 ## - SUBJECT ADDED ENTRY--TOPICAL TERM
Topical term or geographic name entry element DSP
942 ## - ADDED ENTRY ELEMENTS (KOHA)
Koha item type BOOK
Holdings
Withdrawn status Lost status Damaged status Not for loan Collection Home library Current library Date acquired Source of acquisition Cost, normal purchase price Inventory number Total Checkouts Full call number Barcode Date last seen Cost, replacement price Price effective from Koha item type
        CRC Fr. Agnel's C.Rodrigues College of Engineering Fr. Agnel's C.Rodrigues College of Engineering 17/03/2023 Book World 243.75 291 dt 19/04/2011   621.3822 ING 21502 17/03/2023 325.00   BOOK